000 02672nam a2200373 i 4500
001 000012176
003 DO-SdBNP
005 20260321073639.0
006 a||||er|||| 00| 0
007 ta
008 091106e1982 dr a 001 j spa d
040 _aDO-SdBNP
_bspa
_cBNPHU
_erda
082 4 _aRD863.44
_bD542d, 1982
_222
100 1 _aDíaz Grullón, Virgilio,
_d1924-2001
_eautor
_9501
245 1 0 _aDe niños hombres y fantasmas /
_cVirgilio Díaz Grullón ; ilustraciones, Gilberto Hernández Ortega, Victoria Amelia Díaz Bonnelly y Fernando Ureía Rib; prólogo, Juan Bosch.
250 _aSegunda edición
264 1 _aSanto Domingo :
_bTaller,
_c1982
300 _a381 páginas :
_bIlustraciones ;
_c21 cm.
336 _2rdacontent
_atexto
_btxt
337 _2rdacarrier
_avolumen
_bn
338 _2rdamedia
_asin mediación
_bnc
490 _aMontesinos ;
_v2
500 _aIncluye datos biográficos del autor en la contracubierta.
505 0 _aPresentación a la primera edición --
_tA manera de prólogo --
_tDe niños--
_tEl pozo sin fondo --
_tEl reloj --
_tPesadilla --
_tEl pequeño culpable --
_tLa campana rota --
_tEl aprendiz de brujo --
_tLa enemiga --
_tMatar un ratón --
_tPunto de vista -
_tMatum --
_gHombres --
_tCaín --
_tJornada completa --
_tEdipo --
_tLa puntualidad del señor Martínez --
_tPropiedad privada --
_tLa rebelión --
_tVecindad --
_tFiebre --
_tEl corcho sobre el río --
_tDos pesos para Cirilo --
_tUn epitafio para Don Justo --
_tA través del muro --
_tCrónica policial --
_tPas de deux --
_tEstampa folklórica --
_tLegaslismo --
_tEl sedicioso --
_tEl uno y el otro --
_tBiografía de un suicidia --
_tLa única verídica versión de la muerte de Jhonny Watson relatada por él mismo --
_tCatatónico --
_gY fastamas --
_tCírculo --
_tSu amigo Arcadio --
_tLa resignada inmortalidad de Don Cástulo --
_tRetorno --
_tMás allá del espejo --
_tDoble personalidad --
_tÍcaro --
_tEl diario inconcluso --
_tVertiginoso tiempo --
_tLa verdadera pesadilla --
_tLa mutación --
_tViaje al microcosmo --
_tLa trampa --
_tEl cuento sin título --
_tFalso embarazo --
_tLa pareja --
_tLa broma póstuma --
_tLa invasión --
_tEl maleficio --
_gLos algarrobos también sueñan --
_tLos algarrobos también sueñan.
590 _aInventariado, 2023 / MF
650 0 _aCuentos dominicanos
_9176
650 0 _aLiteratura dominicana.
_967
700 1 _a Bosch, Juan,
_d1909-2001
_eprólogo
_976555
700 1 _aHernández Ortega, Gilberto,
_d1924-1978
_eilustrador
_925201
700 1 _aDíaz Bonnelly, Victoria Amelia,
_eilustradora
_984652
700 1 _aUreña Rib, Fernando,
_d1951-
_eilustrador
_930237
910 _aValidado. Control de calidad MMOLINA
942 _2ddc
_cLBS1
999 _c11841
_d11841